[Event "ECU-ch"]
[Site "Salinas"]
[Date "2021.12.17"]
[Round "3"]
[White "Carrasco Jacome, Bryan Ricardo"]
[Black "Lara Leon, Enrry Eduardo"]
[Result "1-0"]
[WhiteElo "2103"]
[BlackElo "1843"]
[PlyCount "79"]
[EventDate "2021.12.16"]
[EventType "swiss"]
[EventRounds "7"]
[EventCountry "ECU"]
[SourceTitle "EXT 2023"]
[Source "ChessBase"]
[SourceDate "2022.10.05"]
[SourceVersion "1"]
[SourceVersionDate "2022.10.05"]
[SourceQuality "1"]

1. e4 c5 2. Nf3 d6 3. d4 cxd4 4. Nxd4 Nf6 5. Nc3 a6 6. Bg5 e6 7. f3 Be7 8. Qd2 Qc7 9. 0-0-0 Nbd7 10. g4 Ne5 11. Kb1 Bd7 12. Be3 Nc4 13. Bxc4 Qxc4 14. g5 Nh5 15. Nce2 g6 16. Ng3 Ng7 17. h4 e5 18. Nde2 Ne6 19. Nc3 Bc6 20. Nf1 Nc7 21. h5 0-0-0 22. Bb6 Rd7 23. Ne3 Qe6 24. Ncd5 Bd8 25. Bxc7 Bxc7 26. Nf6 Rdd8 27. Ned5 Kb8 28. Rh2 Bxd5 29. Nxd5 Rd7 30. Nf6 Re7 31. Rdh1 gxh5 32. Rxh5 Bb6 33. Nd5 Bd8 34. Nxe7 Bxe7 35. Rh6 Qd7 36. Rxh7 Rxh7 37. Rxh7 Qe6 38. Qd5 Qxd5 39. exd5 Bxg5 40. Rxf7 1-0

[Event "Guayaquil zt 2.4"]
[Site "Guayaquil"]
[Date "2019.04.10"]
[Round "3"]
[White "Lara Leon, Enrry Eduardo"]
[Black "Dillon Iperti, Miguel Jack"]
[Result "1-0"]
[WhiteElo "1885"]
[BlackElo "1717"]
[PlyCount "113"]
[EventDate "2019.04.09"]
[EventType "swiss"]
[EventRounds "9"]
[EventCountry "ECU"]
[SourceTitle "CBM 189 Extra"]
[Source "ChessBase"]
[SourceDate "2019.05.31"]
[SourceVersion "1"]
[SourceVersionDate "2019.05.31"]
[SourceQuality "1"]

1. e4 c5 2. Nf3 d6 3. d4 cxd4 4. Nxd4 Nf6 5. Nc3 e6 6. Be3 a6 7. f3 Be7 8. Qd2 b5 9. 0-0-0 Bb7 10. g4 Nc6 11. Nxc6 Bxc6 12. Bd3 0-0 13. h4 b4 14. Ne2 d5 15. e5 Nd7 16. Bd4 Bb5 17. f4 Bxd3 18. cxd3 a5 19. Qe3 Rc8+ 20. Kb1 Bc5 21. f5 Qb6 22. f6 gxf6 23. exf6 Kh8 24. g5 e5 25. Bxc5 Qxc5 26. Qxc5 Nxc5 27. Ng3 e4 28. dxe4 Nxe4 29. Nxe4 dxe4 30. Rhe1 Rfe8 31. Re3 h6 32. Rd5 a4 33. Rd4 Rb8 34. Rexe4 Rxe4 35. Rxe4 hxg5 36. hxg5 Kh7 37. Re5 Kg6 38. Ra5 a3 39. bxa3 bxa3+ 40. Ka1 Rd8 41. Rxa3 Kxg5 42. Ra6 Rd2 43. a4 Re2 44. a5 Rd2 45. Rb6 Rd5 46. a6 Kg6 47. Kb2 Ra5 48. Kb3 Ra1 49. Kb4 Rc1 50. Kb5 Rc2 51. a7 Ra2 52. Ra6 Rb2+ 53. Kc4 Rc2+ 54. Kd3 Rc8 55. a8Q Rxa8 56. Rxa8 Kxf6 57. Ke4 1-0